[Event "European Senior Team"]
[Site "Thessaloniki GRE"]
[Date "2011.05.05"]
[Round "3"]
[White "Birnboim,N"]
[Black "Sloth,J"]
[Result "1/2-1/2"]
[WhiteElo "2362"]
[BlackElo "2310"]

1.d4 e6 2.c4 Nf6 3.g3 Bb4+ 4.Nd2 O-O 5.Bg2 d5 6.Nf3 b6 7.O-O Bb7 8.Ne5 Be7
9.Qc2 c5 10.dxc5 bxc5 11.cxd5 exd5 12.Nb3 Qc7 13.Nf3 Na6 14.Bf4 Qb6 15.Be5 Ne4
16.Nfd2 Nb4 17.Qb1 Nc6 18.Nxe4 Nxe5 19.Nc3 c4 20.Nxd5 Bxd5 21.Bxd5 Rad8 22.Qe4 cxb3
23.Qxe5 Bf6 24.Qf5 Bxb2 25.Rab1 bxa2 26.Bxa2 Qf6 27.Qc2 Bd4 28.Rb7 Bb6 29.Qe4 g6
30.Qb4 Kg7 31.Qc4 Rd4 32.Qc2 Rd6 33.Kg2 Qd4 34.e3 Qd2 35.Qxd2 Rxd2 36.Bc4 Bxe3
37.Rb3 Bb6 38.Rf3 Rd6 39.Re1 Rf6 40.Re7 Rxf3 41.Kxf3 Kf6  1/2-1/2

[Event "29th Metz Open A"]
[Site "Longeville-les-Metz FRA"]
[Date "2011.05.06"]
[Round "7.2"]
[White "Mikhalevski,V"]
[Black "Dgebuadze,A"]
[Result "1/2-1/2"]
[WhiteElo "2577"]
[BlackElo "2521"]

1.d4 Nf6 2.c4 e6 3.g3 Bb4+ 4.Bd2 Qe7 5.Nf3 Nc6 6.Nc3 O-O 7.Bg2 Bxc3 8.Bxc3 Ne4
9.Rc1 d6 10.d5 Nd8 11.Nd2 Nxc3 12.Rxc3 Rb8 13.O-O b5 14.cxb5 exd5 15.Bxd5 Rxb5
16.Nc4 c6 17.Bg2 d5 18.Ne3 Bb7 19.Qd2 Qf6 20.Nd1 d4 21.Rf3 Qe5 22.Ra3 c5
23.Rxa7 Bxg2 24.Kxg2 Nc6 25.Ra4 h5 26.Qd3 Rb6 27.h4 Nb4 28.Qf3 Re8 29.a3 Rf6  1/2-1/2

[Event "TCh-SVK Extraliga 2010-11"]
[Site "Slovakia SVK"]
[Date "2011.05.06"]
[Round "9"]
[White "Csiba,D"]
[Black "Rachela,M"]
[Result "1-0"]
[WhiteElo "2378"]
[BlackElo "2395"]

1.d4 Nf6 2.c4 e6 3.g3 Bb4+ 4.Bd2 c5 5.Bxb4 cxb4 6.Bg2 O-O 7.e4 d6 8.Ne2 e5
9.d5 a5 10.O-O Na6 11.a3 Rb8 12.axb4 axb4 13.Nd2 Nc5 14.Nc1 Bd7 15.Ncb3 Ba4
16.Qf3 Bxb3 17.Nxb3 Ncxe4 18.Rfd1 Qb6 19.Qe3 Nc5 20.Nxc5 Qxc5 21.Qxc5 dxc5
22.d6 Rfd8 23.Ra7 Kf8 24.Rxb7 Rxb7 25.Bxb7 Ne8 26.Rd5 Nxd6 27.Ba6 f6 28.Rxc5 Ra8
29.Rc6 Ne4 30.Bb7 Ra1+ 31.Kg2 Nd2 32.c5 Rc1 33.Rc8+ Ke7 34.c6 Nc4 35.Rc7+ Kf8
36.Rc8+ Ke7 37.Rg8 Nxb2 38.Rxg7+ Kd6 39.Rd7+ Ke6 40.Rxh7 Na4 41.Rh4 Nb6 42.Rxb4 Nd5
43.Rb2 f5 44.h4 e4 45.h5 f4 46.g4 Ke5 47.Kh2 f3  1-0

[Event "TCh-SVK Extraliga 2010-11"]
[Site "Slovakia SVK"]
[Date "2011.05.06"]
[Round "9.4"]
[White "Csiba,D"]
[Black "Rachela,M"]
[Result "1-0"]
[WhiteElo "2378"]
[BlackElo "2395"]

1.d4 Nf6 2.c4 e6 3.g3 Bb4+ 4.Bd2 c5 5.Bxb4 cxb4 6.Bg2 O-O 7.e4 d6 8.Ne2 e5
9.d5 a5 10.O-O Na6 11.a3 Rb8 12.axb4 axb4 13.Nd2 Nc5 14.Nc1 Bd7 15.Ncb3 Ba4
16.Qf3 Bxb3 17.Nxb3 Ncxe4 18.Rfd1 Qb6 19.Qe3 Nc5 20.Nxc5 Qxc5 21.Qxc5 dxc5
22.d6 Rfd8 23.Ra7 Kf8 24.Rxb7 Rxb7 25.Bxb7 Ne8 26.Rd5 Nxd6 27.Ba6 f6 28.Rxc5 Ra8
29.Rc6 Ne4 30.Bb7 Ra1+ 31.Kg2 Nd2 32.c5 Rc1 33.Rc8+ Ke7 34.c6 Nc4 35.Rc7+ Kf8
36.Rc8+ Ke7 37.Rg8 Nxb2 38.Rxg7+ Kd6 39.Rd7+ Ke6 40.Rxh7 Na4 41.Rh4 Nb6 42.Rxb4 Nd5
43.Rb2 f5 44.h4 e4 45.h5 f4 46.g4 f3+ 47.Kh2 Ke5 48.g5 Kf4 49.c7 Nxc7 50.h6 Rd1
51.h7 Rd8 52.g6 Nd5 53.Bxd5 Kg5 54.Be6 Kxg6 55.Rb7 Rf8 56.Bg8 Kg5 57.h8=Q Kg4  1-0

[Event "TCh-SVK Extraliga 2010-11"]
[Site "Slovakia SVK"]
[Date "2011.05.07"]
[Round "10.5"]
[White "Priehoda,V"]
[Black "Lukac,J"]
[Result "1-0"]
[WhiteElo "2398"]
[BlackElo "2119"]

1.d4 Nf6 2.c4 e6 3.g3 Bb4+ 4.Bd2 Be7 5.Bg2 d5 6.Nf3 O-O 7.O-O Nbd7 8.Qc2 c6
9.b3 Re8 10.Nc3 h6 11.e4 dxe4 12.Nxe4 Nxe4 13.Qxe4 Nf6 14.Qc2 a5 15.Rad1 Bb4
16.Bxb4 axb4 17.Rfe1 Qa5 18.Re2 Bd7 19.Ne5 Rad8 20.Qd2 Bc8 21.Qe1 Rd6 22.c5 Rd5
23.Nc4 Qd8 24.Bxd5 Nxd5 25.Rd3 Qf6 26.Re5 Qg6 27.Qe4 Qxe4 28.Rxe4 Rd8 29.Nd6 b6
30.Rf3 Rf8 31.Re2 Bd7 32.cxb6 Nxb6 33.Nc4 Nd5 34.Ne5 Be8 35.Rc2 f6 36.Nxc6 Bh5
37.Re3 Bg6 38.Rd2 Re8 39.Re1 Kf7 40.Rc1 Ra8 41.Rc4 Bb1 42.Nxb4 Nxb4 43.Rxb4 Rc8
44.Rc4 Rd8 45.f3 Rd7 46.Kf2 Ke7 47.Ke3 Bg6 48.a4 Rb7 49.b4 Bf7 50.Rdc2 Kd7
51.Rc5 Be8 52.b5 Kd6 53.R5c4 Bd7 54.Rb4  1-0

[Event "29th Metz Open A"]
[Site "Longeville-les-Metz FRA"]
[Date "2011.05.08"]
[Round "9.8"]
[White "Spirin,O"]
[Black "Venkatesh,M"]
[Result "1/2-1/2"]
[WhiteElo "2479"]
[BlackElo "2463"]

1.d4 Nf6 2.c4 e6 3.g3 Bb4+ 4.Bd2 Bxd2+ 5.Qxd2 d5 6.Bg2 c6 7.Qc2 O-O 8.Nf3 Nbd7
9.O-O b6 10.Nc3 Bb7 11.Rfd1 Qc7 12.b3 Rac8 13.Rac1 Qb8 14.Qb2 Qc7 15.Qc2 Qb8
16.Qb2 Qc7 17.Qc2 Qb8 18.Qb2 Qc7  1/2-1/2

[Event "TCh-HUN 2010-11"]
[Site "Budapest HUN"]
[Date "2011.05.15"]
[Round "11"]
[White "Hegyesi,Z"]
[Black "Medvegy,N"]
[Result "0-1"]
[WhiteElo "2141"]
[BlackElo "2336"]

1.d4 Nf6 2.c4 e6 3.g3 Bb4+ 4.Bd2 Be7 5.Bg2 d5 6.Qc2 O-O 7.Nf3 c6 8.O-O Nbd7
9.Bf4 b6 10.Nbd2 Nh5 11.a4 a5 12.cxd5 cxd5 13.Ne5 Nxf4 14.gxf4 Nxe5 15.fxe5 Ba6
16.Qd1 Bb4 17.f4 Qh4 18.Rf2 Rac8 19.e3 Qh6 20.Bf1 Bxd2 21.Qxd2 Bxf1 22.Kxf1 Rc6
23.Rc1 Rfc8 24.Rxc6 Rxc6 25.Qd3 Qh5 26.Qb1 g6 27.Ke1 Qh4 28.Ke2 Kg7 29.Kf1 Rc4
30.b3 Rc3 31.Re2 Qh3+ 32.Ke1 Rxe3 33.Qc2 Rc3  0-1

[Event "ch-Euro Indiv Women"]
[Site "Tbilisi GEO"]
[Date "2011.05.17"]
[Round "10"]
[White "Sharevich,A"]
[Black "Severiukhina,Z"]
[Result "1-0"]
[WhiteElo "2378"]
[BlackElo "2291"]

1.d4 Nf6 2.c4 e6 3.g3 Bb4+ 4.Bd2 Qe7 5.Bg2 Nc6 6.Nf3 Bxd2+ 7.Nbxd2 d6 8.O-O a5
9.e4 e5 10.d5 Nb8 11.Ne1 O-O 12.Nd3 c6 13.h3 Na6 14.a3 Bd7 15.Re1 Rfc8 16.f4 Ne8
17.dxc6 Bxc6 18.b4 b5 19.bxa5 Nc5 20.Nb4 Rxa5 21.Qe2 Ne6 22.Nb3 Qa7+ 23.Kh2 Nd4
24.Nxd4 Qxd4 25.Nxc6 Rxc6 26.cxb5 Rc3 27.Red1 Qc5 28.Rd5 Qc7 29.fxe5 dxe5
30.Qb2 Ra8 31.b6 Qc4 32.b7 Rb8 33.Qb5 Nc7 34.Qxc4 Rxc4 35.Rd7 Ne6 36.Rb1 Kf8
37.Rd5 Ra4 38.Rxe5 Rxa3 39.Reb5 Ke7 40.e5 Ra2 41.Kh1 Rd2 42.Ra1 Kd7 43.Ra8 Kc7
44.Rxb8 Kxb8 45.Ra5 Rd1+ 46.Kh2 Rd8 47.Ra8+ Kc7 48.Bd5 Rb8 49.Kg2 Nd8 50.Kf3 Nxb7
51.Rxb8 Kxb8 52.Bxf7 Kc7 53.Bg8 h6 54.Kf4 Kd7 55.Kf5 Ke7 56.Kg6 Kf8 57.Bd5 Nc5
58.e6 Nd3 59.e7+ Kxe7 60.Kxg7 h5 61.h4 Ne5 62.Be4 Nc4 63.Kh6 Ne3 64.Bd3 Kf6
65.Kxh5 Kg7 66.Kg5 Nd5 67.Be4 Nf6 68.Bf3 Ng8 69.Kf4 Nh6 70.Bd5 Kf6 71.h5 Nf5
72.g4 Ne7 73.g5+ Kg7 74.Ke5 Kh8 75.Ke6 Ng8 76.Kf7 Nh6+ 77.Kf8 Ng4 78.g6 Nf6
79.g7+ Kh7 80.Kf7  1-0

[Event "84th ch-St Petersburg"]
[Site "St Petersburg RUS"]
[Date "2011.05.21"]
[Round "1"]
[White "Yevseev,D"]
[Black "Yemelin,V"]
[Result "1/2-1/2"]
[WhiteElo "2527"]
[BlackElo "2584"]

1.d4 Nf6 2.c4 e6 3.g3 Bb4+ 4.Bd2 Be7 5.Bg2 d5 6.Nf3 c6 7.Qc2 O-O 8.O-O b6
9.Rd1 Bb7 10.Bf4 Nbd7 11.Nc3 dxc4 12.Nd2 Nd5 13.Nxc4 Nxf4 14.gxf4 Qc7 15.e3 Rad8
16.a3 c5 17.d5 exd5 18.Nxd5 Bxd5 19.Rxd5 b5 20.Ne5 Nxe5 21.Rxe5 Bd6 22.Rd5 Be7
23.a4 Rxd5 24.Bxd5 a6 25.axb5 axb5 26.b3 Qd7 27.Qd3 Bh4 28.f5 Rd8 29.e4 g6
30.fxg6 Qg4+ 31.Kh1 hxg6 32.Rg1 Qh5 33.f4 c4 34.bxc4 bxc4 35.Qc3 Rxd5 36.exd5 Qxd5+
37.Rg2 Qd1+ 38.Rg1 Qd5+ 39.Rg2 Qd1+ 40.Rg1 Qd5+ 41.Rg2  1/2-1/2

[Event "20th Croatian Cup"]
[Site "Sibenik CRO"]
[Date "2011.05.22"]
[Round "6.83"]
[White "Voscilla,A"]
[Black "Berke,A"]
[Result "0-1"]
[WhiteElo "2201"]
[BlackElo "2170"]

1.d4 Nf6 2.c4 e6 3.g3 Bb4+ 4.Nd2 Ne4 5.Bg2 Nxd2 6.Bxd2 Qe7 7.Nf3 Nc6 8.O-O Bxd2
9.Qxd2 d6 10.b4 O-O 11.b5 Nb8 12.Qc3 Nd7 13.Rfc1 e5 14.c5 exd4 15.cxd6 cxd6
16.Nxd4 Nc5 17.e3 Bd7 18.Qa5 Rfe8 19.h3 Qe5 20.Rd1 Ne4 21.Qc7 Nxf2 22.Kxf2 Qxe3+
23.Kf1 Be6 24.Nc2 Qxg3 25.Qxd6 Qg5 26.Qd2 Qc5 27.Nd4 Bc4+ 28.Kg1 Re2 29.Qf4 Rae8
30.Bxb7 h6 31.Kh1 R2e3 32.Bg2 Bd5 33.Qf5 Bxg2+ 34.Kxg2 R8e5 35.Qd7 Rg5+ 36.Kf2 Qe5
37.Nf3 Rxf3+  0-1

[Event "Zonal 3.3"]
[Site "Tagaytay City PHI"]
[Date "2011.05.26"]
[Round "4"]
[White "Turqueza,M"]
[Black "Nguyen Duc Hoa"]
[Result "0-1"]
[WhiteElo "2181"]
[BlackElo "2458"]

1.d4 Nf6 2.c4 e6 3.g3 Bb4+ 4.Bd2 Qe7 5.Nf3 O-O 6.Nc3 d6 7.Bg2 e5 8.dxe5 dxe5
9.a3 Bxc3 10.Bxc3 Nc6 11.Qc2 Rd8 12.O-O Nd4 13.Bxd4 exd4 14.c5 Rd5 15.b4 Bf5
16.Qb2 Rad8 17.Rad1 Be4 18.Rd2 b6 19.c6 d3 20.exd3 Rxd3 21.Rxd3 Rxd3 22.Ne5 Rd5
23.Bxe4 Nxe4 24.Nf3 Qd6 25.Qe2 f5 26.Rc1 h6 27.Qa6 Kh7 28.Qc8 a5 29.Nh4 axb4
30.axb4 Qxb4 31.Qxc7 Nxf2 32.Qf7 Nh3+ 33.Kf1 Nf4 34.c7 Qe4 35.Qxd5 Qe2+ 36.Kg1 Qe3+  0-1

[Event "ch-Moscow Final"]
[Site "Moscow RUS"]
[Date "2011.05.27"]
[Round "6"]
[White "Chadaev,N"]
[Black "Grigoriants,S RUS"]
[Result "1/2-1/2"]
[WhiteElo "2577"]
[BlackElo "2562"]

1.d4 Nf6 2.c4 e6 3.g3 Bb4+ 4.Bd2 Bxd2+ 5.Qxd2 d5 6.Bg2 c6 7.Nf3 Nbd7 8.O-O b6
9.Rc1 O-O 10.cxd5 cxd5 11.Nc3 Ba6 12.a4 Rc8 13.Nb5 Rxc1+ 14.Rxc1 Bxb5 15.axb5 Ne4
16.Qf4 Ndf6 17.Ne5 Nd6 18.Nc6 Qd7 19.Nxa7 Nxb5 20.Nxb5 Qxb5 21.Qd2 Qa6 22.Bf1 Rc8
23.e4 Rxc1 24.Qxc1 Qb7 25.e5 Nd7 26.Bb5 Nf8 27.h4 Qa7 28.Qc3 h6 29.Kg2 Qe7
30.Bd3 Qa7 31.Bb5 Qe7 32.b4 Qa7 33.Be8 Qe7 34.Bb5 Kh8 35.Ba6 Kg8 36.Kf1 Qd7
37.Be2 Qa4 38.Kg2 Qa2 39.Bb5 Qa7 40.h5 Qe7 41.f4 Qa7 42.Qb2 Qc7 43.Kf2 f5
44.Be2 Qc6 45.g4 fxg4 46.Bxg4 Qc8 47.Kg3 Qc4 48.Be2 Qc6 49.Qd2 Kh8 50.Bd3 Qe8
51.Kg4 Qa4 52.Kg3 Qe8 53.Kg4 Qa4 54.Kg3 Qe8  1/2-1/2

[Event "ch-Moscow Final"]
[Site "Moscow RUS"]
[Date "2011.05.27"]
[Round "6"]
[White "Vorobiov,E"]
[Black "Korotylev,A"]
[Result "0-1"]
[WhiteElo "2570"]
[BlackElo "2589"]

1.d4 Nf6 2.c4 e6 3.g3 Bb4+ 4.Bd2 Be7 5.Bg2 d5 6.Nf3 O-O 7.O-O c6 8.Qc2 b6
9.Rd1 Nbd7 10.Bf4 Bb7 11.Nc3 Rc8 12.e4 dxc4 13.Qa4 Nh5 14.Be3 a6 15.Qxc4 Nhf6
16.b4 c5 17.dxc5 bxc5 18.b5 axb5 19.Qxb5 Bc6 20.Qe2 Qa5 21.Bd2 Qa3 22.Ne1 Bd8
23.Nc2 Qa8 24.f3 Ba5 25.Ne3 Nb6 26.Nc4 Nxc4 27.Qxc4 Nd7 28.Bf4 Nb6 29.Qb3 c4
30.Qa3 Na4 31.Nxa4 Bxa4 32.Rdc1 Rfd8 33.Kh1 Bd2 34.Bxd2 Rxd2 35.Qb4 Rc2 36.Bf1 Qa7
37.Rxc2 Bxc2 38.Qc3 Qf2 39.Rc1 Ba4 40.Bxc4 h6 41.Qd3 Qc5 42.Kg2 Bb5 43.Bxb5 Qxc1
44.Kh3 Qb2 45.Bc4 Qb4 46.Bb3 Rc3 47.Qd2 Qc5 48.f4 Qh5+ 49.Kg2 Qf3+ 50.Kh3 Rd3
51.Qc2 Re3 52.Qc5 Qxf4  0-1

[Event "TCh-SLO"]
[Site "Ljubljana SLO"]
[Date "2011.05.28"]
[Round "2"]
[White "Ruck,R1"]
[Black "Tratar,M"]
[Result "1/2-1/2"]
[WhiteElo "2562"]
[BlackElo "2489"]

1.d4 Nf6 2.c4 e6 3.g3 Bb4+ 4.Bd2 Bxd2+ 5.Qxd2 d5 6.Nf3 O-O 7.Bg2 Qe7 8.O-O Rd8
9.Rc1 c6 10.Qe3 b6 11.Nbd2 Bb7 12.a3 Nbd7 13.b4 a5 14.Qb3 axb4 15.axb4 Rdb8
16.e3 Qf8 17.b5 Rxa1 18.Rxa1 Ra8 19.Rc1 c5 20.Qb2 Qb8 21.Ra1 Rxa1+ 22.Qxa1 h6
23.Qa3 Qa8 24.Qxa8+ Bxa8 25.dxc5 Nxc5 26.Nd4 Kf8 27.cxd5 Bxd5 28.Bxd5 Nxd5
29.Nc4 f6 30.f3 e5  1/2-1/2

[Event "Chicago Open"]
[Site "Wheeling USA"]
[Date "2011.05.28"]
[Round "5"]
[White "Harikrishna,P"]
[Black "Lenderman,A"]
[Result "1-0"]
[WhiteElo "2666"]
[BlackElo "2548"]

1.d4 Nf6 2.c4 e6 3.g3 Bb4+ 4.Bd2 Bxd2+ 5.Qxd2 d5 6.Bg2 c6 7.Nf3 Nbd7 8.O-O b6
9.Qc2 Bb7 10.Nbd2 O-O 11.b4 Ba6 12.Rfe1 Rb8 13.cxd5 cxd5 14.Qa4 Bb7 15.Qxa7 Ne8
16.Qa4 Ra8 17.Qb3 b5 18.a4 bxa4 19.Rxa4 Qb6 20.Rxa8 Bxa8 21.Qa4 Bc6 22.Qa5 Bb5
23.e4 dxe4 24.Nxe4 Nc7 25.Nc5 Qxa5 26.bxa5 Nxc5 27.dxc5 Ra8 28.Ra1 Bc6 29.Ne5 Bxg2
30.Kxg2 Kf8 31.Rb1 f6 32.Nc4 Ra7 33.c6 Ke7 34.Kf3 e5 35.Rb7 Rxb7 36.cxb7 Na6
37.Ke4 Ke6 38.Ne3 g6 39.Nc2 Kd6 40.Nb4 Nc5+ 41.Kf3 Kc7 42.a6 f5 43.Ke3 Nd7
44.Kd3  1-0

[Event "84th ch-St Petersburg"]
[Site "St Petersburg RUS"]
[Date "2011.05.29"]
[Round "9"]
[White "Ionov,S"]
[Black "Yemelin,V"]
[Result "1/2-1/2"]
[WhiteElo "2559"]
[BlackElo "2584"]

1.d4 Nf6 2.c4 e6 3.g3 Bb4+ 4.Bd2 Be7 5.Bg2 d5 6.Nf3 c6 7.Qc2 O-O 8.O-O b6
9.Bf4 Bb7 10.Rd1 Nbd7 11.Nc3 dxc4 12.Nd2 Nd5 13.Nxc4 Nxf4 14.gxf4 Qc7 15.e3 Rad8
16.Rac1 c5 17.d5 exd5 18.Nxd5 Bxd5 19.Rxd5 b5 20.Ne5 Nxe5 21.Rxe5 Bd6 22.Rd5 Be7
23.Re5 Bd6 24.Rd5 Be7 25.Re5 Bd6  1/2-1/2

[Event "TCh-FRA Top 12 2011"]
[Site "Mulhouse FRA"]
[Date "2011.05.31"]
[Round "6"]
[White "Housieaux,D"]
[Black "Fedorchuk,S"]
[Result "1-0"]
[WhiteElo "2436"]
[BlackElo "2654"]

1.d4 Nf6 2.c4 e6 3.g3 Bb4+ 4.Bd2 a5 5.Bg2 O-O 6.Nf3 b6 7.O-O Bb7 8.Bf4 Be7
9.Re1 Qc8 10.Bg5 Re8 11.Nc3 Ne4 12.Nxe4 Bxe4 13.Bxe7 Rxe7 14.Bh3 Qf8 15.Ng5 Bb7
16.Qd3 f5 17.d5 Qf6 18.Bg2 Na6 19.d6 Nc5 20.Qe3 cxd6 21.Bxb7 Nxb7 22.Qxb6 Nd8
23.Nf3 Nf7 24.b3 e5 25.e4 Rf8 26.exf5 Qxf5 27.Nh4 Qh3 28.Qxa5 g5 29.Ng2 Re6
30.Qd5 Rh6 31.Ne3 e4 32.Nf1 Kh8 33.Rxe4 Ne5 34.Qxe5+ Rhf6 35.Rd1 h6 36.Ne3 Kg8
37.Rxd6 Rxd6 38.Qxd6 Qe6 39.Qd4 Ra8 40.a4 Rb8 41.Qd3 d6 42.a5 h5 43.h3 Qf6
44.Nd5 Qg7 45.b4 Rf8 46.a6 Rf7 47.b5 h4 48.g4 Qb2 49.Qe3 Kh7 50.Kg2 Qa2 51.Nc3 Qa1  1-0

[Event "3rd Orissa Open"]
[Site "Bhubaneswar IND"]
[Date "2011.06.02"]
[Round "7"]
[White "Ghosh,D"]
[Black "Udeshi,A"]
[Result "1/2-1/2"]
[WhiteElo "2273"]
[BlackElo "2362"]

1.d4 Nf6 2.c4 e6 3.g3 Bb4+ 4.Bd2 a5 5.Bg2 d5 6.Nf3 dxc4 7.Qc2 Bxd2+ 8.Qxd2 c6
9.a4 Ne4 10.Qc2 Nd6 11.Ne5 Na6 12.Na3 Qb6 13.Qc3 Nb4 14.O-O Qa6 15.Naxc4 Nxc4
16.Nxc4 O-O 17.Rfc1 Bd7 18.e4 b6 19.Nd6 b5 20.e5 Ra7 21.Ne4 Nd5 22.Qd2 Qb6
23.Nc5 Rfa8 24.h4 Be8 25.Re1 bxa4 26.Rxa4 Rb8 27.b3 Qd8 28.Rea1 Nb4 29.Be4 Rb5
30.Qf4 h6 31.Bb1 Qd5 32.Qe3 Ra8 33.Ne4 Qd8 34.Nd6 Rd5 35.Qe4 g6 36.Qe3 Qb6
37.Nc4 Qd8 38.Be4 Rxd4 39.Nd6 Qb6 40.Qxh6 Qc5 41.Nxe8 Rxe8 42.Rxa5 Qf8 43.Qe3 Red8
44.Kg2 Nd3 45.Bxc6 Qb4 46.Ra8 Qc3 47.Be4 Kh7 48.Rxd8 Rxd8 49.Rd1 Nf4+ 50.Qxf4 Rxd1
51.Qxf7+ Kh8 52.Qf8+ Kh7 53.h5 Rg1+ 54.Kxg1 Qe1+ 55.Kh2 Qg1+  1/2-1/2

[Event "3rd Orissa Open"]
[Site "Bhubaneswar IND"]
[Date "2011.06.04"]
[Round "9"]
[White "Arun Prasad,S"]
[Black "Preethi,R"]
[Result "1-0"]
[WhiteElo "2495"]
[BlackElo "2031"]

1.d4 Nf6 2.c4 e6 3.g3 Bb4+ 4.Bd2 a5 5.Bg2 O-O 6.Nf3 d5 7.O-O Nc6 8.e3 Qe7
9.a3 Bxd2 10.Nbxd2 Rd8 11.Qc2 Ra6 12.Rac1 h6 13.Rfd1 Bd7 14.Ne1 Be8 15.Nd3 Raa8
16.cxd5 exd5 17.Qc5 Rd6 18.Nf4 Rad8 19.Qc2 Rc8 20.Qb3 Qd8 21.Rc3 b6 22.Bh3 Bd7
23.Bxd7 Qxd7 24.Rdc1 Ne7 25.Nd3 Rc6 26.Rxc6 Nxc6 27.Nf3 Qd6 28.Nfe5 Ne7 29.Qb5 Kf8
30.Qa6 Nd7 31.Nxd7+ Qxd7 32.Qb7 f6 33.Nf4 Kf7 34.e4 dxe4 35.Qxe4 Qf5 36.Qe2 b5
37.Rc5 Qb1+ 38.Kg2 c6 39.Qe6+ Kf8 40.d5 Qf5 41.d6 Qxe6 42.Nxe6+ Kf7 43.dxe7 Kxe7
44.Nxg7 Kd6 45.b4 axb4 46.axb4 Ra8 47.Nf5+ Kd7 48.Nd4 Ra6 49.g4 Kd6 50.h4 Kd7
51.h5 Kd6  1-0

[Event "Mayor's Cup of Good Wine"]
[Site "Hustopece CZE"]
[Date "2011.06.04"]
[Round "8"]
[White "Michalik,P"]
[Black "Polak,T"]
[Result "1-0"]
[WhiteElo "2507"]
[BlackElo "2526"]

1.d4 Nf6 2.c4 e6 3.g3 Bb4+ 4.Bd2 Qe7 5.Nf3 b6 6.Nc3 Bb7 7.Bg2 O-O 8.O-O d6
9.Rc1 Nbd7 10.Qc2 h6 11.Rfd1 Bxc3 12.Bxc3 Be4 13.Qa4 a5 14.Bf1 Rfe8 15.Nh4 Rad8
16.f3 Bh7 17.e4 e5 18.d5 g5 19.Nf5 Bxf5 20.exf5 Nh5 21.Re1 Nc5 22.Qd1 Nf6
23.b3 Kh7 24.Rc2 Qd7 25.g4 Rg8 26.Rg2 c6 27.dxc6 Qxc6 28.Rd2 Rd7 29.Bg2 Qc7
30.Qe2 Rc8 31.Red1 Rcd8 32.Kh1 b5 33.h4 bxc4 34.hxg5 hxg5 35.Qe3 Rg8 36.Bf1 Rg7
37.Bxc4 Kg8 38.Kg1 Kf8 39.Bb5 Ne8 40.Bb2 f6 41.Bxd7 Rxd7 42.Ba3 Nb7 43.Rh2 Kg8
44.Rc1 Qd8 45.Qd3 d5 46.Qf1 Ng7 47.Qh3 Qb6+ 48.Kh1 Nd6 49.Bxd6 Qxd6 50.Qh8+ Kf7
51.Rc8  1-0

[Event "Mayor's Cup of Good Wine"]
[Site "Hustopece CZE"]
[Date "2011.06.04"]
[Round "9"]
[White "Laznicka,V"]
[Black "Hracek,Z"]
[Result "1-0"]
[WhiteElo "2681"]
[BlackElo "2629"]

1.d4 Nf6 2.c4 e6 3.g3 Bb4+ 4.Bd2 Qe7 5.Bg2 Nc6 6.e3 e5 7.d5 Nb8 8.Nc3 O-O
9.Nge2 d6 10.a3 Bxc3 11.Nxc3 a5 12.e4 Na6 13.b4 Bd7 14.Rb1 axb4 15.axb4 c5
16.bxc5 Nxc5 17.O-O Rfb8 18.f3 Ra3 19.Rf2 h6 20.Bf1 Nh7 21.Qc1 Rba8 22.Be3 Bc8
23.Bxc5 dxc5 24.Nb5 R3a5 25.d6 Qf6 26.f4 Bd7 27.Nc7 R8a7 28.fxe5 Qxe5 29.Qf4 f6
30.Qxe5 fxe5 31.Nd5 R5a6 32.Ne7+ Kh8 33.Ng6+ Kg8 34.Rd1 Nf6 35.Nxe5 Ra1 36.Rxa1 Rxa1  1-0

[Event "29th Liechtenstein Open"]
[Site "Triesen LIE"]
[Date "2011.06.04"]
[Round "9.2"]
[White "Hera,I"]
[Black "Hort,V"]
[Result "1/2-1/2"]
[WhiteElo "2566"]
[BlackElo "2446"]

1.d4 Nf6 2.c4 e6 3.g3 Bb4+ 4.Bd2 a5 5.Bg2 d5 6.Nf3 Nc6 7.O-O dxc4 8.Bg5 h6
9.Bxf6 Qxf6 10.a3 Bd6 11.Nc3 O-O 12.e3 e5 13.d5 Na7 14.Nd2 b5 15.a4 Bd7 16.axb5 Nxb5
17.Nce4 Qe7 18.Nxc4 Bb4 19.d6 cxd6 20.Nc3 Rab8 21.Nd5 Qd8 22.Nxb4 axb4 23.Nxd6 Nxd6
24.Qxd6 Bb5 25.Rfd1 Qxd6 26.Rxd6 Rfd8 27.Rd5 Bc4 28.Rxd8+ Rxd8  1/2-1/2

[Event "3rd Orissa Open"]
[Site "Bhubaneswar IND"]
[Date "2011.06.06"]
[Round "11"]
[White "Arun Prasad,S"]
[Black "Swayams,M"]
[Result "0-1"]
[WhiteElo "2495"]
[BlackElo "2370"]

1.d4 e6 2.c4 Nf6 3.g3 Bb4+ 4.Bd2 Bxd2+ 5.Qxd2 d5 6.Nf3 O-O 7.Bg2 c6 8.O-O Nbd7
9.Ne5 Nxe5 10.dxe5 Nd7 11.f4 Qe7 12.Qc3 b6 13.Nd2 Bb7 14.e4 Rac8 15.Rad1 Rfd8
16.Rfe1 b5 17.cxb5 cxb5 18.Qe3 Nb6 19.exd5 Bxd5 20.Ne4 Rc2 21.b3 Rxa2 22.Bf1 Bxe4
23.Qxe4 g6 24.Qc6 Rxd1 25.Rxd1 Nd5 26.Qd6 Qb7 27.f5 Kg7 28.f6+ Kh6 29.Qc5 Qb6
30.Qxb6 axb6 31.Re1 Nc3 32.Re3 b4 33.h4 g5 34.Rd3 Nd5 35.Bg2 Nc3 36.hxg5+ Kxg5
37.Rd7 Kg6 38.Bf1 Ne2+ 39.Kf2 Nd4+ 40.Ke3 Nc6 41.Bd3+ Kg5 42.Rxf7 Nxe5 43.Rxh7 Kxf6
44.Rh6+ Ke7 45.Kd4 Nc6+ 46.Kc4 Ra5 47.Bc2 Rc5+ 48.Kd3 Rc3+ 49.Kd2 Rxg3 50.Rh4 Kd6
51.Rc4 b5 52.Rh4 Rc3 53.Bd1 Kd5 54.Rxb4 Nxb4 55.Kxc3 Kc5 56.Bf3 Nd5+ 57.Kd3 Kb4
58.Bg4 e5 59.Bf5 Nf6 60.Be6 Kc5 61.Bf7 Nh7 62.Kc3 Ng5 63.Bg6 Ne6 64.Bf7 Nf4
65.Be8 b4+ 66.Kd2 Kd4 67.Bf7 e4 68.Bc4 Nd5 69.Ke2 Nc3+ 70.Kd2 Ke5 71.Ke3 Nd5+
72.Kd2 Nb6 73.Bg8 Nd5 74.Bf7 Kd4 75.Bg8 e3+ 76.Ke1 Nf4 77.Bc4 Kc3 78.Bf7 e2
79.Bc4 Kc2  0-1

[Event "TCh-BIH 2011"]
[Site "Neum BIH"]
[Date "2011.06.07"]
[Round "4.3"]
[White "Berkes,F"]
[Black "Palac,M"]
[Result "1/2-1/2"]
[WhiteElo "2693"]
[BlackElo "2583"]

1.d4 Nf6 2.c4 e6 3.g3 Bb4+ 4.Bd2 Be7 5.Bg2 d5 6.Nf3 c6 7.O-O Nbd7 8.Qc2 O-O
9.Bf4 b6 10.Rd1 Ba6 11.Ne5 Rc8 12.cxd5 Nxd5 13.Nc3 Nxe5 14.Bxe5 Nxc3 15.bxc3 Bc4
16.Be4 g6 17.h4 Bf6 18.Bd3 Bxd3 19.Rxd3 Qe7 20.Bxf6 Qxf6 21.Rad1 c5 22.d5 exd5
23.Rxd5 Rfe8 24.c4 h5 25.e3 Re7 26.a4 Re6 27.Rd7 a5 28.Kg2 Qe5 29.Qe2 Rce8
30.R1d3 Rf6 31.Rd8  1/2-1/2

[Event "28th BSG Pinkstertoernooi"]
[Site "Bussum NED"]
[Date "2011.06.12"]
[Round "5.5"]
[White "Ris,R"]
[Black "Van der Lende,I"]
[Result "1/2-1/2"]
[WhiteElo "2395"]
[BlackElo "2112"]

1.d4 Nf6 2.c4 e6 3.g3 Bb4+ 4.Nc3 c5 5.Nf3 O-O 6.Bg2 Bxc3+ 7.bxc3 d6 8.dxc5 dxc5
9.Qxd8 Rxd8 10.Ne5 Nbd7 11.Bf4 Nxe5 12.Bxe5 Ng4 13.Bf4 e5 14.Bg5 f6 15.Bc1 Be6
16.Bxb7 Rab8 17.Bf3 f5 18.Ba3 Rbc8 19.Bd5 Bxd5 20.cxd5 Rxd5 21.c4 Rd4 22.Rc1 e4
23.Bb2 Rd6 24.Bc3 e3 25.f3 Nf2 26.O-O Rcd8 27.Kg2 g5 28.Rb1 Nd1 29.Ba5 R8d7
30.Rb5 Rc6 31.Rb1 Rcd6  1/2-1/2

[Event "4th Karen Asrian Memorial"]
[Site "Jermuk ARM"]
[Date "2011.06.18"]
[Round "3"]
[White "Gleizerov,E"]
[Black "Hakimifard,G"]
[Result "1-0"]
[WhiteElo "2600"]
[BlackElo "2218"]

1.d4 Nf6 2.c4 e6 3.g3 Bb4+ 4.Bd2 a5 5.Bg2 O-O 6.Nf3 b6 7.a3 Bxd2+ 8.Nfxd2 d5
9.cxd5 Nxd5 10.O-O Bb7 11.Re1 Nd7 12.e4 Ne7 13.Nc3 c5 14.d5 exd5 15.exd5 Nf5
16.Nc4 Ba6 17.Ne3 Nd6 18.Ne4 Nxe4 19.Bxe4 Nf6 20.Bg2 Ra7 21.d6 Bc8 22.Nc4 Bg4
23.Qd2 Nd7 24.Re7 Ra6 25.Bb7 Ra7 26.Bd5 b5 27.Ne3 Bh5 28.Bc6 Re8 29.Nd5 f6
30.Rae1  1-0

[Event "Teplice Open"]
[Site "Teplice CZE"]
[Date "2011.06.19"]
[Round "9"]
[White "Rubes,J"]
[Black "Jasny,S"]
[Result "0-1"]
[WhiteElo "2088"]
[BlackElo "2367"]

1.d4 Nf6 2.c4 e6 3.g3 Bb4+ 4.Bd2 c5 5.Bxb4 cxb4 6.Bg2 O-O 7.e4 d6 8.Nd2 Nc6
9.Ne2 e5 10.d5 Nb8 11.O-O Na6 12.Nc1 Qb6 13.Nd3 Bg4 14.Bf3 Qd4 15.Bxg4 Qxd3
16.Bf3 Nd7 17.Re1 Qd4 18.b3 g6 19.Qe2 Qb6 20.Bg4 Ndc5 21.h4 Kh8 22.Qf3 Qd8
23.Nf1 f5 24.exf5 e4 25.Qf4 Nd3 26.Qxe4 Nxe1 27.Rxe1 Qf6 28.Ne3 Rae8 29.Qb1 Nc5
30.Rf1 Ne4 31.Qd3 Qe5 32.fxg6 hxg6 33.Kg2 Rxf2+  0-1

[Event "Voronezh Master Open"]
[Site "Voronezh RUS"]
[Date "2011.06.20"]
[Round "8.13"]
[White "Duzhakov,I"]
[Black "Golovin,Leo"]
[Result "0-1"]
[WhiteElo "2347"]
[BlackElo "2475"]

1.d4 Nf6 2.c4 e6 3.g3 Bb4+ 4.Bd2 c5 5.Bxb4 cxb4 6.Bg2 O-O 7.Nf3 d6 8.O-O Nc6
9.Ne1 Qb6 10.e3 e5 11.d5 Ne7 12.Nd3 Bf5 13.Qb3 Bxd3 14.Qxd3 Nd7 15.Nd2 f5
16.a3 Nc5 17.Qc2 a5 18.Nb3 Nd7 19.axb4 Qxb4 20.Nc1 b5 21.b3 Nc5 22.Rb1 bxc4
23.bxc4 Qa4 24.Qxa4 Nxa4 25.Rb7 Kf7 26.Nb3 Nc3 27.c5 Rfd8 28.Nd2 Kf6 29.Nc4 Nexd5
30.Nxd6 g6 31.g4 e4 32.Rf7+ Ke6 33.Rxh7 Nf6 34.Rg7 Rg8 35.Rxg6 Rxg6 36.gxf5+ Kd5
37.fxg6 Kxc5 38.Nf5 a4 39.Nd4 Kb4 40.f3 Rg8 41.fxe4 Ng4 42.Nc6+ Kb3 43.e5 Nxe3
44.Rf6 a3 45.Nd4+ Kc4 46.Nf3 a2 47.Nd2+ Kb4 48.Rb6+ Ka5 49.Nb3+ Kxb6  0-1

[Event "US Junior Championship"]
[Site "Saint Louis USA"]
[Date "2011.06.22"]
[Round "6"]
[White "Sturt,R"]
[Black "Harper,W"]
[Result "1/2-1/2"]
[WhiteElo "2294"]
[BlackElo "2310"]

1.d4 Nf6 2.c4 e6 3.g3 Bb4+ 4.Bd2 Qe7 5.Nf3 Nc6 6.Nc3 Bxc3 7.Bxc3 Ne4 8.Qc2 Nxc3
9.Qxc3 O-O 10.Bg2 d6 11.Rc1 a5 12.a3 a4 13.d5 Na5 14.Nd2 c5 15.dxc6 bxc6
16.Qb4 c5 17.Qxa4 Bb7 18.Bf3 Rfb8 19.Qc2 Bxf3 20.Nxf3 Rb6 21.O-O Qf6 22.Rb1 Rab8
23.Rfd1 Rxb2 24.Rxb2 Qxb2 25.Qxb2 Rxb2 26.Rxd6 Kf8 27.Nd2 Rc2 28.a4 Nxc4
29.Nxc4 Rxc4 30.a5 Ra4 31.a6 c4  1/2-1/2